[Event "Titled Tuesday intern op 23rd Apr Late"]
[Site "Chess.com INT"]
[Date "2024.04.23"]
[Round "1"]
[White "Adla, Diego Gustavo"]
[Black "Senthilkumar, Pranav"]
[Result "1-0"]
[WhiteElo "2387"]
[BlackElo "1912"]
[PlyCount "143"]
[EventDate "2024.04.23"]
[EventType "swiss (blitz)"]
[EventRounds "11"]
[EventCountry "USA"]
[SourceTitle "CB18_2024"]
[SourceDate "2024.05.01"]
[SourceVersion "1"]
[SourceVersionDate "2024.05.01"]
[SourceQuality "2"]

1. Nf3 d5 2. c4 c6 3. cxd5 cxd5 4. d4 Nf6 5. Bf4 Nc6 6. Nc3 g6 7. e3 Bg7 8. h3 0-0 9. Bd3 Bf5 10. Bxf5 gxf5 11. g4 Qd7 12. Ne5 Nxe5 13. dxe5 Ne4 14. Qxd5 Rad8 15. Qxd7 Rxd7 16. gxf5 Nxc3 17. bxc3 Rc8 18. Rc1 Rd5 19. Rg1 Kf8 20. e4 Ra5 21. Rc2 Bxe5 22. Bxe5 Rxe5 23. f3 e6 24. fxe6 Rxe6 25. Kf2 Rec6 26. Rgc1 Rc4 27. Ke3 b6 28. Kd3 Ra4 29. Rb1 Rd8+ 30. Ke3 Rc8 31. Rb3 Ke7 32. Kd3 Rd8+ 33. Ke3 Rc8 34. Rd2 Rac4 35. Rd3 Ke6 36. Kd2 Ra4 37. a3 Rc5 38. Rd4 Rca5 39. Rxa4 Rxa4 40. Kd3 Ke5 41. Ke3 f5 42. f4+ Ke6 43. e5 Re4+ 44. Kf3 Ra4 45. h4 h5 46. Rb4 Rxa3 47. Rc4 b5 48. Rc6+ Kd7 49. Rd6+ Ke7 50. Ke2 Rxc3 51. Ra6 Rc7 52. Rh6 Rc4 53. Ke3 a5 54. Rxh5 Ke6 55. Rh6+ Ke7 56. Rb6 b4 57. h5 Rc3+ 58. Kd4 Rh3 59. h6 b3 60. Kd5 a4 61. h7 Rxh7 62. Rb7+ Kd8 63. Rxh7 b2 64. Kd6 Kc8 65. Rh1 a3 66. e6 a2 67. e7 b1Q 68. e8Q+ Kb7 69. Qc6+ Ka7 70. Rh7+ Kb8 71. Rh8+ Ka7 72. Ra8# 1-0

[Event "Titled Tuesday intern op 02nd Apr Late"]
[Site "Chess.com INT"]
[Date "2024.04.02"]
[Round "9"]
[White "Senthilkumar, Pranav"]
[Black "Hajiyev, Kanan"]
[Result "1-0"]
[WhiteElo "1912"]
[BlackElo "2099"]
[PlyCount "83"]
[EventDate "2024.04.02"]
[EventType "swiss (blitz)"]
[EventRounds "11"]
[EventCountry "USA"]
[SourceTitle "CB15_2024"]
[SourceDate "2024.04.10"]
[SourceVersion "1"]
[SourceVersionDate "2024.04.10"]
[SourceQuality "1"]

1. Nf3 d5 2. b3 Nf6 3. Bb2 g6 4. e3 Bg7 5. Be2 0-0 6. 0-0 c5 7. c4 b6 8. cxd5 Nxd5 9. Bxg7 Kxg7 10. Qc2 Bb7 11. Nc3 Nc6 12. Rfd1 f6 13. d4 cxd4 14. Nxd4 Nxd4 15. Rxd4 Qc7 16. Rc4 Qe5 17. Rd1 Rac8 18. Nxd5 Rxc4 19. bxc4 Rc8 20. Qd2 h5 21. Bf3 h4 22. Qd4 Qxd4 23. Rxd4 e6 24. Nxb6 Rc7 25. Rd7+ Rxd7 26. Nxd7 Ba6 27. Be2 Kf7 28. Nc5 Bc8 29. Bf3 Ke7 30. Bb7 Bxb7 31. Nxb7 Kd7 32. c5 Kc6 33. Nd8+ Kd5 34. c6 Kd6 35. f4 e5 36. fxe5+ fxe5 37. Nf7+ Kxc6 38. Nxe5+ Kd5 39. Nxg6 h3 40. gxh3 a5 41. h4 a4 42. h5 1-0

[Event "Titled Tuesday intern op 13th Feb Late"]
[Site "Chess.com INT"]
[Date "2024.02.13"]
[Round "9"]
[White "Yurovskich, Oleksandr"]
[Black "Senthilkumar, Pranav"]
[Result "0-1"]
[WhiteElo "2328"]
[BlackElo "1854"]
[PlyCount "36"]
[EventDate "2024.02.13"]
[EventType "swiss (blitz)"]
[EventRounds "11"]
[EventCountry "USA"]
[SourceTitle "CB08_2024"]
[SourceDate "2024.02.21"]
[SourceVersion "1"]
[SourceVersionDate "2024.02.21"]
[SourceQuality "1"]

1. d4 Nf6 2. Nf3 d5 3. c3 g6 4. Bg5 Ne4 5. Bh4 Bg7 6. e3 0-0 7. Nbd2 c5 8. Nxe4 dxe4 9. Nd2 cxd4 10. exd4 Bf5 11. Qb3 Nc6 12. Qxb7 Nxd4 13. cxd4 Qxd4 14. Nc4 Rab8 15. Qa6 Rxb2 16. Be2 Rxe2+ 17. Kxe2 Qd3+ 18. Ke1 Bc3+ 0-1

[Event "Titled Tuesday intern op 06th Feb Late"]
[Site "Chess.com INT"]
[Date "2024.02.06"]
[Round "2"]
[White "Senthilkumar, Pranav"]
[Black "Fuentes Godoy, Lilia Ivonne"]
[Result "1-0"]
[WhiteElo "1854"]
[BlackElo "2158"]
[PlyCount "75"]
[EventDate "2024.02.06"]
[EventType "swiss (blitz)"]
[EventRounds "11"]
[EventCountry "USA"]
[SourceTitle "CB07_2024"]
[SourceDate "2024.02.14"]
[SourceVersion "1"]
[SourceVersionDate "2024.02.14"]
[SourceQuality "1"]

1. Nf3 d5 2. b3 e6 3. Bb2 f5 4. e3 Nf6 5. Be2 Bd6 6. 0-0 0-0 7. c4 c6 8. Nc3 Bc7 9. d4 Nbd7 10. Rc1 Ne4 11. cxd5 exd5 12. Nxe4 fxe4 13. Ne5 Nxe5 14. dxe5 Be6 15. b4 a6 16. a4 Qg5 17. b5 axb5 18. axb5 Bxe5 19. Bxe5 Qxe5 20. bxc6 bxc6 21. Rxc6 Rfc8 22. Qc1 Rxc6 23. Qxc6 Rc8 24. Qb7 Rb8 25. Qe7 Qf6 26. Qd6 Rd8 27. Qc7 Rc8 28. Qb7 h6 29. h3 Rc2 30. Bb5 Qg6 31. Qb8+ Kh7 32. Qd6 Rb2 33. Bc6 Rd2 34. Bd7 Bxd7 35. Qxd7 d4 36. Qa7 d3 37. Qd4 Re2 38. h4 1-0

[Event "Titled Tuesday intern op 06th Feb Late"]
[Site "Chess.com INT"]
[Date "2024.02.06"]
[Round "3"]
[White "Senthilkumar, Pranav"]
[Black "Goryachkina, Aleksandra"]
[Result "0-1"]
[WhiteElo "1854"]
[BlackElo "2553"]
[PlyCount "84"]
[EventDate "2024.02.06"]
[EventType "swiss (blitz)"]
[EventRounds "11"]
[EventCountry "USA"]
[SourceTitle "CB07_2024"]
[SourceDate "2024.02.14"]
[SourceVersion "1"]
[SourceVersionDate "2024.02.14"]
[SourceQuality "1"]

1. Nf3 c5 2. g3 g6 3. Bg2 Bg7 4. 0-0 Nf6 5. c3 0-0 6. d4 d5 7. Bf4 Nc6 8. Nbd2 cxd4 9. cxd4 Bf5 10. Nb3 Rc8 11. Rc1 Ne4 12. Nfd2 Nb4 13. Nxe4 Bxe4 14. Bxe4 dxe4 15. a3 Nd5 16. Bd2 b6 17. Bc3 Qd7 18. Qd2 Qa4 19. Na1 Nxc3 20. bxc3 Qxa3 21. Qe3 e6 22. Qxe4 Rxc3 23. Rxc3 Qxc3 24. e3 Rc8 25. Qb7 Qc7 26. Qa6 h5 27. Nb3 Qc4 28. Qa3 a5 29. Nd2 Qc2 30. Nf3 a4 31. Qe7 b5 32. Ng5 Qc7 33. Qb4 Qb7 34. Rb1 Bf8 35. Qb2 b4 36. g4 hxg4 37. Qe2 Be7 38. h4 Bxg5 39. hxg5 b3 40. Qxg4 b2 41. Kh2 a3 42. Rh1 Qxh1+ 0-1

[Event "Titled Tuesday intern op 06th Feb Late"]
[Site "Chess.com INT"]
[Date "2024.02.06"]
[Round "8"]
[White "Senthilkumar, Pranav"]
[Black "Omelja, Artem"]
[Result "1-0"]
[WhiteElo "1854"]
[BlackElo "2438"]
[PlyCount "95"]
[EventDate "2024.02.06"]
[EventType "swiss (blitz)"]
[EventRounds "11"]
[EventCountry "USA"]
[SourceTitle "CB07_2024"]
[SourceDate "2024.02.14"]
[SourceVersion "1"]
[SourceVersionDate "2024.02.14"]
[SourceQuality "1"]

1. Nf3 d5 2. b3 c6 3. Bb2 Bf5 4. e3 e6 5. Be2 h6 6. 0-0 Nf6 7. c4 Be7 8. Nc3 0-0 9. d4 Nbd7 10. Rc1 Ne4 11. Bd3 Ndf6 12. Ne5 Bb4 13. Nxe4 Bxe4 14. a3 Bd6 15. Bxe4 Nxe4 16. cxd5 exd5 17. Nf3 Re8 18. b4 a6 19. Qb3 Qe7 20. Bc3 g5 21. Nd2 f5 22. Nxe4 fxe4 23. a4 g4 24. b5 axb5 25. axb5 Rac8 26. bxc6 bxc6 27. Rb1 Qh4 28. g3 Qf6 29. Bb4 Bxb4 30. Qxb4 h5 31. Qc5 h4 32. gxh4 Qxh4 33. Qd6 Qe7 34. Qxe7 Rxe7 35. Kg2 Rf7 36. Rb2 Kg7 37. Rc1 Rf6 38. Rc5 Rcf8 39. Rbc2 Kg6 40. Rxc6 Rxc6 41. Rxc6+ Kg5 42. Re6 Rf5 43. Re5 Rxe5 44. dxe5 Kf5 45. Kg3 Kxe5 46. Kxg4 d4 47. exd4+ Kxd4 48. Kf4 1-0

[Event "Titled Tuesday intern op 06th Feb Late"]
[Site "Chess.com INT"]
[Date "2024.02.06"]
[Round "7"]
[White "Yang, Kaiqi"]
[Black "Senthilkumar, Pranav"]
[Result "0-1"]
[WhiteElo "2481"]
[BlackElo "1854"]
[PlyCount "112"]
[EventDate "2024.02.06"]
[EventType "swiss (blitz)"]
[EventRounds "11"]
[EventCountry "USA"]
[SourceTitle "CB07_2024"]
[SourceDate "2024.02.14"]
[SourceVersion "1"]
[SourceVersionDate "2024.02.14"]
[SourceQuality "1"]

1. e4 c5 2. Nf3 e6 3. g3 d6 4. Bg2 Nf6 5. d3 Be7 6. 0-0 0-0 7. Nbd2 Nc6 8. c3 Rb8 9. a4 a6 10. Re1 b5 11. axb5 axb5 12. d4 cxd4 13. cxd4 Bb7 14. Nb3 Qb6 15. Be3 d5 16. e5 Ne4 17. Re2 Rfc8 18. Ne1 Nb4 19. f3 f5 20. fxe4 fxe4 21. Rf2 Nc6 22. Bh3 Nd8 23. Nc5 Bxc5 24. dxc5 Qc7 25. Bd4 Bc6 26. b4 Bd7 27. Nc2 Nc6 28. Qh5 g6 29. Qh6 Rf8 30. Raf1 Rxf2 31. Rxf2 Qd8 32. Rf6 Qe7 33. Qh4 Ra8 34. Bf2 Nxe5 35. Nd4 Kg7 36. Rf4 g5 37. Qh5 Be8 38. Nxe6+ Qxe6 39. Bxe6 Bxh5 40. Rf5 Nf3+ 41. Kg2 d4 42. c6 d3 43. c7 d2 44. Rd5 Ne1+ 45. Kf1 Nd3 46. Rxd3 exd3 47. Bd4+ Kf8 48. Bc5+ Ke8 49. Bb3 d1Q+ 50. Bxd1 Bxd1 51. Kf2 Be2 52. Ke3 Rc8 53. Bb6 Kd7 54. Ba5 Rxc7 55. h4 Rc6 56. hxg5 Rc4 0-1

[Event "Titled Tuesday intern op 09th Jan Early"]
[Site "Chess.com INT"]
[Date "2024.01.09"]
[Round "1"]
[White "Aravindh, Chithambaram VR"]
[Black "Senthilkumar, Pranav"]
[Result "1-0"]
[WhiteElo "2662"]
[BlackElo "1854"]
[PlyCount "53"]
[EventDate "2024.01.09"]
[EventType "swiss (blitz)"]
[EventRounds "11"]
[EventCountry "USA"]
[SourceTitle "CB03_2024"]
[SourceDate "2024.01.17"]
[SourceVersion "1"]
[SourceVersionDate "2024.01.17"]
[SourceQuality "1"]

1. b3 Nf6 2. Bb2 e6 3. Nf3 d5 4. c4 Be7 5. e3 0-0 6. Nc3 b6 7. cxd5 Nxd5 8. Nxd5 Qxd5 9. Qc2 Bb7 10. Bc4 Qd8 11. h4 Bf6 12. Ng5 g6 13. f4 Nc6 14. h5 Nb4 15. Qb1 Bxg5 16. hxg6 Bh4+ 17. g3 Nd3+ 18. Qxd3 Qxd3 19. Bxd3 fxg6 20. Rxh4 Rad8 21. Bc4 Bd5 22. Rc1 c5 23. Ke2 h5 24. g4 hxg4 25. Rh8+ Kf7 26. Rh7+ Ke8 27. Bb5+ 1-0

[Event "Titled Tuesday intern op 19th Sep Late"]
[Site "Chess.com INT"]
[Date "2023.09.19"]
[Round "9"]
[White "Senthilkumar, Pranav"]
[Black "Troff, Kayden W"]
[Result "0-1"]
[WhiteElo "1854"]
[BlackElo "2483"]
[PlyCount "86"]
[EventDate "2023.09.19"]
[EventType "swiss (blitz)"]
[EventRounds "11"]
[EventCountry "USA"]
[SourceTitle "EXT 2024"]
[Source "ChessBase"]
[SourceDate "2023.10.10"]
[SourceVersion "1"]
[SourceVersionDate "2023.10.10"]
[SourceQuality "1"]

1. d4 Nf6 2. Nf3 g6 3. Bg5 Bg7 4. Nbd2 d5 5. e3 0-0 6. Be2 Nbd7 7. h3 Re8 8. Bf4 c5 9. c3 Ne4 10. Nxe4 dxe4 11. Nd2 cxd4 12. cxd4 e5 13. dxe5 Nxe5 14. Nxe4 Bf5 15. Qxd8 Rexd8 16. Nc3 Nd3+ 17. Bxd3 Bxd3 18. Rd1 Rac8 19. f3 b5 20. a3 a5 21. Rd2 Rxc3 22. bxc3 Bxc3 23. e4 b4 24. axb4 axb4 25. Kf2 Bxd2 26. Bxd2 b3 27. Bc3 Rc8 28. Rc1 Rxc3 29. Rxc3 b2 30. Rxd3 b1Q 31. Re3 Qb6 32. f4 Qd4 33. Kf3 Kg7 34. Re2 Qd3+ 35. Re3 Qf1+ 36. Kg3 h5 37. Rf3 Qe1+ 38. Kh2 Qxe4 39. f5 g5 40. Kg3 Qe5+ 41. Kf2 g4 42. hxg4 hxg4 43. Rg3 Qxf5+ 0-1

[Event "Titled Tuesday intern op 19th Sep Late"]
[Site "Chess.com INT"]
[Date "2023.09.19"]
[Round "1"]
[White "Senthilkumar, Pranav"]
[Black "Vargas, Mauricio"]
[Result "1-0"]
[WhiteElo "1854"]
[BlackElo "1961"]
[PlyCount "27"]
[EventDate "2023.09.19"]
[EventType "swiss (blitz)"]
[EventRounds "11"]
[EventCountry "USA"]
[SourceTitle "EXT 2024"]
[Source "ChessBase"]
[SourceDate "2023.10.10"]
[SourceVersion "1"]
[SourceVersionDate "2023.10.10"]
[SourceQuality "1"]

1. Nf3 Nc6 2. d4 d6 3. g3 e6 4. Bg2 Rb8 5. 0-0 b6 6. c4 Bb7 7. Nc3 f5 8. d5 exd5 9. cxd5 Ne5 10. Nxe5 dxe5 11. e4 f4 12. Qh5+ Kd7 13. Qxe5 Bd6 14. Bh3# 1-0

[Event "Titled Tuesday intern op 05th Sep Late"]
[Site "Chess.com INT"]
[Date "2023.09.05"]
[Round "3"]
[White "Senthilkumar, Pranav"]
[Black "Sailer, Mike L"]
[Result "1-0"]
[WhiteElo "1854"]
[BlackElo "2095"]
[PlyCount "95"]
[EventDate "2023.09.05"]
[EventType "swiss (blitz)"]
[EventRounds "11"]
[EventCountry "USA"]
[SourceTitle "EXT 2024"]
[Source "ChessBase"]
[SourceDate "2023.10.10"]
[SourceVersion "1"]
[SourceVersionDate "2023.10.10"]
[SourceQuality "1"]

1. Nf3 e6 2. e3 f5 3. c4 Nf6 4. Be2 Be7 5. d4 b6 6. 0-0 Bb7 7. Nc3 0-0 8. b3 Ne4 9. Bb2 d6 10. d5 Nxc3 11. Bxc3 e5 12. b4 Nd7 13. a4 a5 14. Nd2 axb4 15. Bxb4 e4 16. Nb3 Bf6 17. Ra2 Be5 18. Nd4 Rf6 19. g3 Nc5 20. a5 g6 21. Bxc5 bxc5 22. Ne6 Qe7 23. a6 Rxa6 24. Rxa6 Bxa6 25. Qa4 Rxe6 26. dxe6 Bc8 27. Qa8 Qxe6 28. Rb1 Kg7 29. Rb8 Bd7 30. Qb7 d5 31. cxd5 Qf6 32. Bb5 Bxb5 33. Qxb5 Bd6 34. Qd7+ Kh6 35. Re8 Kg5 36. Qd8 Qxd8 37. Rxd8 Kg4 38. Kg2 Kg5 39. Ra8 h5 40. Ra4 Kf6 41. f3 exf3+ 42. Kxf3 Ke5 43. e4 fxe4+ 44. Rxe4+ Kxd5 45. Re2 c4 46. Ke3 Bc5+ 47. Kd2 Bd4 48. Re7 1-0

[Event "Titled Tuesday intern op 29th Aug Late"]
[Site "Chess.com INT"]
[Date "2023.08.29"]
[Round "3"]
[White "Senthilkumar, Pranav"]
[Black "Ryan, Joseph"]
[Result "0-1"]
[WhiteElo "1854"]
[BlackElo "2218"]
[PlyCount "114"]
[EventDate "2023.08.29"]
[EventType "swiss (blitz)"]
[EventRounds "11"]
[EventCountry "USA"]
[SourceTitle "EXT 2024"]
[Source "ChessBase"]
[SourceDate "2023.10.10"]
[SourceVersion "1"]
[SourceVersionDate "2023.10.10"]
[SourceQuality "1"]

1. Nf3 d5 2. g3 Nc6 3. d4 Bf5 4. Bg2 Nb4 5. Na3 e6 6. c3 Nc6 7. Nc2 Nf6 8. Nh4 Be4 9. f3 Bg6 10. Nxg6 hxg6 11. 0-0 Be7 12. e4 Qd7 13. Bf4 0-0-0 14. b4 Rh5 15. Ne3 Rdh8 16. g4 R5h7 17. b5 Na5 18. Qa4 b6 19. c4 dxc4 20. d5 exd5 21. exd5 Bd6 22. Bxd6 Qxd6 23. Kf2 Rxh2 24. Rh1 Rxh1 25. Rxh1 Rxh1 26. Bxh1 Qe5 27. Qc2 Qd4 28. Ke2 Nxd5 29. Nxd5 Qxd5 30. Qc3 f6 31. Qe3 Qd3+ 32. Qxd3 cxd3+ 33. Kxd3 Nb7 34. f4 Nd6 35. a4 Kd8 36. Kd4 Ke7 37. Kd5 Kd7 38. Bg2 Nc8 39. Be4 Ne7+ 40. Kd4 Kd6 41. Bg2 c6 42. bxc6 Nxc6+ 43. Kc4 Nd8 44. Kb5 Ne6 45. Ka6 Nxf4 46. Bf3 Kc7 47. Kxa7 Nd3 48. Ka6 Ne5 49. Bd1 f5 50. gxf5 gxf5 51. Kb5 g5 52. Kb4 g4 53. Kc3 g3 54. Kd4 g2 55. Kxe5 g1Q 56. Bf3 Qe3+ 57. Kxf5 Qxf3+ 0-1

[Event "Speed Chess Q2 Sw"]
[Site "Chess.com INT"]
[Date "2023.08.23"]
[Round "7"]
[White "Isajevsky, Anton"]
[Black "Senthilkumar, Pranav"]
[Result "1-0"]
[WhiteElo "2404"]
[BlackElo "1854"]
[PlyCount "111"]
[EventDate "2023.08.23"]
[EventType "swiss (blitz)"]
[EventRounds "14"]
[EventCountry "USA"]
[SourceTitle "CBM 215 Extra"]
[Source "ChessBase"]
[SourceDate "2023.09.30"]
[SourceVersion "1"]
[SourceVersionDate "2023.09.30"]
[SourceQuality "1"]

1. c4 e5 2. g3 Nf6 3. Bg2 Nc6 4. Nc3 Bb4 5. e4 0-0 6. Nge2 Nd4 7. 0-0 d6 8. d3 Nxe2+ 9. Nxe2 Bc5 10. h3 a5 11. Kh2 Be6 12. f4 exf4 13. Bxf4 Ba7 14. Qc1 Nd7 15. d4 f6 16. b3 Bf7 17. Qd2 Re8 18. g4 Bg6 19. Ng3 c5 20. d5 Ne5 21. a4 Bb8 22. Rae1 Qb6 23. Re3 Bc7 24. Qd1 Rad8 25. h4 Bf7 26. Nf5 Ng6 27. Bg3 Ne5 28. Bh3 Bg6 29. Bf4 Bxf5 30. gxf5 Re7 31. Rg3 Kh8 32. Rfg1 Rdd7 33. h5 h6 34. Qd2 Kh7 35. Bf1 Qb4 36. Qc1 b5 37. axb5 a4 38. bxa4 Qxa4 39. Be2 Bb6 40. Rg6 Nxg6 41. fxg6+ Kg8 42. Bg4 Rd8 43. Be6+ Rxe6 44. dxe6 Qa2+ 45. Rg2 Qa7 46. Qd2 Qe7 47. Qd5 Bc7 48. Ra2 Rb8 49. Ra7 Kf8 50. Qc6 Rc8 51. b6 Qxe6 52. Rxc7 Re8 53. Qxd6+ Qxd6 54. Bxd6+ Kg8 55. b7 Rxe4 56. Rc8+ 1-0

[Event "Speed Chess Q2 Sw"]
[Site "Chess.com INT"]
[Date "2023.08.23"]
[Round "2"]
[White "Riehle, Marco"]
[Black "Senthilkumar, Pranav"]
[Result "1-0"]
[WhiteElo "2368"]
[BlackElo "1854"]
[PlyCount "67"]
[EventDate "2023.08.23"]
[EventType "swiss (blitz)"]
[EventRounds "14"]
[EventCountry "USA"]
[SourceTitle "CBM 215 Extra"]
[Source "ChessBase"]
[SourceDate "2023.09.30"]
[SourceVersion "1"]
[SourceVersionDate "2023.09.30"]
[SourceQuality "1"]

1. e4 c5 2. a3 d6 3. b4 cxb4 4. axb4 Nf6 5. Nc3 g6 6. d4 Bg7 7. f4 0-0 8. Nf3 Qc7 9. Bb2 Nc6 10. e5 Nd7 11. Nd5 Qd8 12. b5 Ncb8 13. Bc4 Nb6 14. Nxb6 Qxb6 15. 0-0 dxe5 16. fxe5 Bf5 17. Kh1 Nd7 18. Ng5 Rac8 19. Bxf7+ Rxf7 20. Nxf7 Kxf7 21. g4 Qxb5 22. gxf5 Qxb2 23. e6+ Ke8 24. exd7+ Kxd7 25. fxg6 Rxc2 26. Qg4+ Kd8 27. Qg3 hxg6 28. Rxa7 Qxd4 29. Ra8+ Kd7 30. Qh3+ e6 31. Rf7+ Kc6 32. Rc8+ Kb6 33. Qb3+ Ka7 34. Qxb7# 1-0

[Event "Speed Chess Q2 Sw"]
[Site "Chess.com INT"]
[Date "2023.08.23"]
[Round "6"]
[White "Senthilkumar, Pranav"]
[Black "De Winter, Arthur"]
[Result "0-1"]
[WhiteElo "1854"]
[BlackElo "2360"]
[PlyCount "42"]
[EventDate "2023.08.23"]
[EventType "swiss (blitz)"]
[EventRounds "14"]
[EventCountry "USA"]
[SourceTitle "CBM 215 Extra"]
[Source "ChessBase"]
[SourceDate "2023.09.30"]
[SourceVersion "1"]
[SourceVersionDate "2023.09.30"]
[SourceQuality "1"]

1. Nf3 Nf6 2. g3 g6 3. Bg2 Bg7 4. 0-0 0-0 5. c4 d6 6. Nc3 e5 7. d3 c6 8. Bg5 h6 9. Bxf6 Bxf6 10. Rc1 Be6 11. b4 d5 12. cxd5 cxd5 13. d4 e4 14. Ne5 Bxe5 15. dxe5 Nc6 16. f4 exf3 17. Bxf3 Nxb4 18. a3 Nc6 19. Bxd5 Nxe5 20. Bxb7 Qb6+ 21. Kh1 Qxb7+ 0-1

[Event "Titled Tuesday intern op 01st Aug Late"]
[Site "Chess.com INT"]
[Date "2023.08.01"]
[Round "3"]
[White "Senthilkumar, Pranav"]
[Black "Rosen, Eric S"]
[Result "0-1"]
[WhiteElo "1854"]
[BlackElo "2341"]
[PlyCount "76"]
[EventDate "2023.08.01"]
[EventType "swiss (blitz)"]
[EventRounds "11"]
[EventCountry "USA"]
[SourceTitle "EXT 2024"]
[Source "ChessBase"]
[SourceDate "2023.10.10"]
[SourceVersion "1"]
[SourceVersionDate "2023.10.10"]
[SourceQuality "1"]

1. Nf3 d5 2. d4 Nf6 3. c4 e6 4. h3 Nbd7 5. Nc3 c6 6. Ne5 Bb4 7. cxd5 Nxd5 8. Bd2 Nxe5 9. dxe5 Qc7 10. Nxd5 Bxd2+ 11. Qxd2 exd5 12. Qc3 0-0 13. 0-0-0 Re8 14. f4 Bf5 15. e3 Qb6 16. Be2 a5 17. Bf3 f6 18. g4 Bd7 19. exf6 Qxe3+ 20. Qxe3 Rxe3 21. Bg2 gxf6 22. Rd2 Rae8 23. Kc2 Rg3 24. b3 Ree3 25. Rf1 Be8 26. Rff2 Bg6+ 27. f5 Bf7 28. Rf4 Kg7 29. Kb2 Kh6 30. h4 Kg7 31. Kc2 h5 32. gxh5 Bxh5 33. b4 a4 34. b5 Rc3+ 35. Kb2 a3+ 36. Kb1 Rc5 37. Rb4 Rgc3 38. Rd1 Bxd1 0-1

[Event "Titled Tuesday intern op 25th Jul Late"]
[Site "Chess.com INT"]
[Date "2023.07.25"]
[Round "3"]
[White "Novikova, Margarita"]
[Black "Senthilkumar, Pranav"]
[Result "0-1"]
[WhiteElo "1995"]
[BlackElo "1854"]
[PlyCount "74"]
[EventDate "2023.07.25"]
[EventType "swiss (blitz)"]
[EventRounds "11"]
[EventCountry "USA"]
[SourceTitle "EXT 2024"]
[Source "ChessBase"]
[SourceDate "2023.10.10"]
[SourceVersion "1"]
[SourceVersionDate "2023.10.10"]
[SourceQuality "1"]

1. e4 c5 2. Nc3 Nc6 3. d3 d6 4. g3 g6 5. Be3 Bg7 6. Qd2 Nf6 7. Bh6 0-0 8. h4 Bg4 9. f3 Be6 10. h5 Nd4 11. 0-0-0 b5 12. g4 b4 13. Nce2 Nxe2+ 14. Nxe2 Bxa2 15. Bxg7 Kxg7 16. hxg6 fxg6 17. Qh6+ Kg8 18. Ng3 Rf7 19. g5 Nd7 20. b3 a5 21. Bh3 Nf8 22. Rdf1 a4 23. f4 axb3 24. f5 b2+ 25. Kxb2 Qa5 26. Kc1 Qa3+ 27. Kd1 b3 28. fxg6 bxc2+ 29. Ke2 Nxg6 30. Rxf7 Bxf7 31. Nf5 Qb2 32. Kf3 Ra3 33. Bf1 c1Q 34. Qxh7+ Kf8 35. Qh6+ Ke8 36. Nxd6+ exd6 37. Be2 Qf4+ 0-1

[Event "Titled Tuesday intern op 25th Jul Late"]
[Site "Chess.com INT"]
[Date "2023.07.25"]
[Round "2"]
[White "Senthilkumar, Pranav"]
[Black "Real Pereyra, Jeronimo"]
[Result "1-0"]
[WhiteElo "1854"]
[BlackElo "2172"]
[PlyCount "61"]
[EventDate "2023.07.25"]
[EventType "swiss (blitz)"]
[EventRounds "11"]
[EventCountry "USA"]
[SourceTitle "EXT 2024"]
[Source "ChessBase"]
[SourceDate "2023.10.10"]
[SourceVersion "1"]
[SourceVersionDate "2023.10.10"]
[SourceQuality "1"]

1. Nf3 c5 2. b3 d5 3. Bb2 Nc6 4. e3 Bg4 5. Bb5 e6 6. 0-0 f6 7. d4 Bd6 8. dxc5 Bxc5 9. Be2 Nge7 10. c4 0-0 11. cxd5 Nxd5 12. Nc3 Nxc3 13. Bxc3 Qxd1 14. Raxd1 Rfd8 15. Rc1 Be7 16. h3 Bh5 17. Bc4 Bf7 18. Nd4 Nxd4 19. exd4 Bd6 20. Rfe1 Re8 21. Bb5 Re7 22. Bb2 a6 23. Be2 Rc7 24. Rxc7 Bxc7 25. Bf3 Rb8 26. d5 exd5 27. Re7 Bd8 28. Rd7 Be6 29. Rd6 Kf7 30. Bxd5 Be7 31. Rxe6 1-0

[Event "Titled Tuesday intern op 04th Jul Early"]
[Site "Chess.com INT"]
[Date "2023.07.04"]
[Round "3"]
[White "Agibileg, Uurtsaikh"]
[Black "Senthilkumar, Pranav"]
[Result "0-1"]
[WhiteElo "2441"]
[BlackElo "1854"]
[PlyCount "82"]
[EventDate "2023.07.04"]
[EventType "swiss (blitz)"]
[EventRounds "11"]
[EventCountry "USA"]
[SourceTitle "EXT 2024"]
[Source "ChessBase"]
[SourceDate "2023.10.10"]
[SourceVersion "1"]
[SourceVersionDate "2023.10.10"]
[SourceQuality "1"]

1. d4 Nf6 2. c4 e6 3. Nc3 Bb4 4. f3 d5 5. a3 Bxc3+ 6. bxc3 0-0 7. cxd5 exd5 8. e3 c5 9. Bd3 Nc6 10. Ne2 Re8 11. 0-0 b6 12. Ng3 Ne7 13. Ra2 Qd6 14. Re2 Ng6 15. Bb2 Bb7 16. Bxg6 hxg6 17. e4 dxe4 18. fxe4 Nxe4 19. Nxe4 Rxe4 20. Ref2 Re7 21. Qb3 cxd4 22. cxd4 Bd5 23. Qh3 Rae8 24. Bc1 Be4 25. Rf4 Qxd4+ 26. Be3 Bxg2 27. Kxg2 Qxe3 28. Qxe3 Rxe3 29. Rxf7 Rxa3 30. Rb7 Re2+ 31. Kg1 Raa2 32. Rd1 Rg2+ 33. Kf1 Rxh2 34. Rd8+ Kh7 35. Kg1 Rhc2 36. Rd1 Rh2 37. Rdd7 Rhd2 38. Rxg7+ Kh6 39. Rgf7 Rd1+ 40. Rf1 Rxf1+ 41. Kxf1 Kg5 0-1

[Event "Titled Tuesday intern op 04th Jul Early"]
[Site "Chess.com INT"]
[Date "2023.07.04"]
[Round "1"]
[White "Senthilkumar, Pranav"]
[Black "Mikhailovsky, Vladimir"]
[Result "1-0"]
[WhiteElo "1854"]
[BlackElo "2215"]
[PlyCount "61"]
[EventDate "2023.07.04"]
[EventType "swiss (blitz)"]
[EventRounds "11"]
[EventCountry "USA"]
[SourceTitle "EXT 2024"]
[Source "ChessBase"]
[SourceDate "2023.10.10"]
[SourceVersion "1"]
[SourceVersionDate "2023.10.10"]
[SourceQuality "1"]

1. Nf3 d6 2. d4 Nf6 3. g3 g6 4. Bg2 Bg7 5. 0-0 0-0 6. c4 Bf5 7. Nc3 Ne4 8. Qb3 Nxc3 9. Qxc3 Be4 10. b3 c5 11. Be3 Nc6 12. Rad1 Bxf3 13. Bxf3 cxd4 14. Bxd4 Nxd4 15. Rxd4 Bxd4 16. Qxd4 Qb6 17. Qd5 Rab8 18. Rd1 a6 19. Qg5 Qc7 20. Rd4 Qc5 21. Rd5 Qa3 22. Qxe7 Qxa2 23. Rxd6 Qxb3 24. Bd5 Rbe8 25. Bxf7+ Rxf7 26. Qxe8+ Kg7 27. Qe5+ Kh6 28. Rd4 Qb1+ 29. Kg2 g5 30. Rd6+ Kh5 31. h3 1-0